000 00760cab a2200253 4500
001 WB3109-55
008 090401t1995 xxu||||| |||| 00| 0 eng d
035 _a(Sirsi) u15755
041 _aeng
245 _aWelsh rural jobs
260 _c1995
350 _a0
490 _aFinancial Times
_v2 March 1995, 12(1)
520 _aThe Development Board for Rural Wales has announced a job creation programme for mid-Wales. "Rural Wales: the new direction" Development Board for Rural Wales.
650 _aDEVELOPMENT BOARD FOR RURAL WALES
650 _aECONOMIC DEVELOPMENT
650 _aJOB CREATION
650 _aRURAL AREAS
650 _aWALES
690 _aECONOMIC AND SOCIAL
690 _aRURAL PRACTICE
942 _n0
948 _c04/03/1997
999 _c10361
_d10361